00806nam a2200193Ia 4500001001000000003000500010008004100015010001100056040000900067100002800076245023600104260003400340300001000374502010600384650002000490650002200510650003000532710005000562Para_8843CHAP220125s2003 xx 000 0 und d a207606 cCHAP aPérez Aspiri, Gerardo aUso de insumos biorracionales en el control de mosquita blanca (Homóptera :bAleyrodidae), en cultivo de jitomate (Lycopersicon esculentum Mill.) en condiciones de invernadero en Chapingo, México /c por Gerardo Pérez Aspiri aChapingo, Méx. :b el autor a48 h. aTesis (Ing. Agr. Esp. en Parasitología Agrícola) -- UACh. Departamento Parasitología Agrícola aBemisia tabaci  aTomate x plagas  aTrialeurodes vaporariorum aUACh. Departamento Parasitología Agrícola